| 000 | 01300nas a2200253 a 4500 | ||
|---|---|---|---|
| 005 | 20250925101039.0 | ||
| 007 | ta | ||
| 008 | 250127e2017 dr |n|p|r||||||0| | spa d | ||
| 040 |
_aDO-SdBNP _cDO-SdBNP _erda |
||
| 041 | _hspa | ||
| 110 | 1 |
_aRepública Dominicana. _bMinisterio de Industria Comercio y Mipymes _978175 |
|
| 245 |
_aEl monitor de industria y comercio : _b01 / _cMinisterio de Industria, Comercio y Mipymes, MICM. |
||
| 264 |
_aSanto Domingo, República Dominicana : _bMinisterio de Industria, Comercio y Mipymes, MICM : _bViceministerio de Desarrollo Industrial, _c2017. |
||
| 300 |
_avolumen : _bilustraciones, gráficas, tablas ; _c25 cm. _efolleto (1er. diálogo de política industrial |
||
| 336 |
_atexto _btxt _2rdacontent |
||
| 337 |
_acomputer _bc _2rdamedia |
||
| 338 |
_aonline resource _bcr _2rdacarrier |
||
| 362 | _aNo. 1. octubre 2017. | ||
| 500 | _aEl numero 1, 0ctubre 2017. incluye un folleto acompañante en la revista. | ||
| 650 | 0 |
_aIntegración regional _986915 _vPublicaciones seriadas _zRepública Dominicana |
|
| 651 | 0 |
_aRepública Dominicana _vPublicaciones seriadas _xComercio exterior _978065 |
|
| 856 |
_uhttps://opacbiblioteca.intec.edu.do/opac-tmpl/files/recursoselectronicos/MIC-El Monitor01Octubre2017.pdf _yAcceso a Texto Completo |
||
| 942 |
_2ddc _cISSUE |
||
| 999 |
_c58087 _d58087 |
||